<?xml version="1.0" encoding="UTF-8"?>
<collection xmlns="http://www.loc.gov/MARC21/slim">
 <record>
  <leader>01574nam a2200229   4500</leader>
  <controlfield tag="001">1/19840</controlfield>
  <controlfield tag="008">030218s2002    gr            00110 gre d</controlfield>
  <datafield tag="020" ind1=" " ind2=" ">
   <subfield code="a">9608029201</subfield>
  </datafield>
  <datafield tag="035" ind1=" " ind2=" ">
   <subfield code="l">20420</subfield>
  </datafield>
  <datafield tag="040" ind1=" " ind2=" ">
   <subfield code="a">GR-PeUP</subfield>
  </datafield>
  <datafield tag="082" ind1="0" ind2="0">
   <subfield code="a">370.7 ΠΑ</subfield>
  </datafield>
  <datafield tag="245" ind1="0" ind2="0">
   <subfield code="a">Πανεπιστήμιο και αγορά εργασίας :</subfield>
   <subfield code="b">προσφορά, ζήτηση και προοπτικές απασχόλησης των αποφοίτων των ελληνικών Α.Ε.Ι. /</subfield>
   <subfield code="c">Δ. Οικονόμου...[κ.α.] ; Οριζόντια Δικτύωση Γραφείων Διασύνδεσης Ελληνικών Α.Ε.Ι. ; Γραφείο Διασύνδεσης Πανεπιστημίου Θεσσαλίας ; Εθνικό Ινστιτούτο Εργασίας</subfield>
  </datafield>
  <datafield tag="260" ind1=" " ind2=" ">
   <subfield code="a">Βόλος :</subfield>
   <subfield code="b">Πανεπιστημιακές Εκδόσεις Θεσσαλίας,</subfield>
   <subfield code="c">2002</subfield>
  </datafield>
  <datafield tag="300" ind1=" " ind2=" ">
   <subfield code="a">290 σ. ;</subfield>
   <subfield code="c">24 εκ.</subfield>
  </datafield>
  <datafield tag="650" ind1=" " ind2="4">
   <subfield code="a">Εκπαίδευση</subfield>
   <subfield code="z">Ελλάδα.</subfield>
  </datafield>
  <datafield tag="650" ind1=" " ind2="4">
   <subfield code="a">Προσφορά εργασίας</subfield>
   <subfield code="z">Ελλάδα.</subfield>
  </datafield>
  <datafield tag="650" ind1=" " ind2="4">
   <subfield code="a">Απασχόληση</subfield>
   <subfield code="z">Ελλάδα.</subfield>
  </datafield>
  <datafield tag="710" ind1="2" ind2=" ">
   <subfield code="a">Οριζόντια Δικτύωση Γραφείων Διασύνδεσης Ελληνικών Α.Ε.Ι.</subfield>
  </datafield>
  <datafield tag="710" ind1="2" ind2=" ">
   <subfield code="a">Γραφείο Διασύνδεσης Πανεπιστημίου Θεσσαλίας.</subfield>
  </datafield>
  <datafield tag="710" ind1="2" ind2=" ">
   <subfield code="a">Εθνικό Ινστιτούτο Εργασίας.</subfield>
  </datafield>
  <datafield tag="852" ind1=" " ind2=" ">
   <subfield code="a">INST</subfield>
   <subfield code="b">UNIPILB</subfield>
   <subfield code="c">MAIN</subfield>
   <subfield code="e">20040709</subfield>
   <subfield code="h">370.7 ΠΑ</subfield>
   <subfield code="p">00140579</subfield>
   <subfield code="q">00140579</subfield>
   <subfield code="t">LOAN</subfield>
   <subfield code="y">0</subfield>
   <subfield code="4">1</subfield>
  </datafield>
  <datafield tag="852" ind1=" " ind2=" ">
   <subfield code="a">INST</subfield>
   <subfield code="b">UNIPILB</subfield>
   <subfield code="c">MAIN</subfield>
   <subfield code="e">20070516</subfield>
   <subfield code="h">370.7 ΠΑ</subfield>
   <subfield code="p">00152494</subfield>
   <subfield code="q">00152494</subfield>
   <subfield code="t">LOAN</subfield>
   <subfield code="y">0</subfield>
   <subfield code="4">1</subfield>
  </datafield>
 </record>
</collection>
